000 00328nam a22001337a 4500
008 171019b xxu||||| |||| 00| 0 eng d
020 _a9780130176158
041 _aeng
080 _a338
100 _a54
101 _aMEN
245 _aTHE FUNDAMENTALS OF PRODUCTION PLANNING AND CONTROL
_cCHAPMAN.S.N
942 _2udc
_cBK
999 _c35010
_d35010